University optics (Record no. 3410)

MARC details
000 -LEADER
fixed length control field 00430nam a2200157Ia 4500
003 - CONTROL NUMBER IDENTIFIER
control field IN-BaIIA
008 - FIXED-LENGTH DATA ELEMENTS--GENERAL INFORMATION
fixed length control field 211028s9999 xx 000 0 eng d
040 ## - CATALOGING SOURCE
Transcribing agency IIA Library
080 ## - UNIVERSAL DECIMAL CLASSIFICATION NUMBER
Universal Decimal Classification number 535
Item number TEN-1
100 ## - MAIN ENTRY--PERSONAL NAME
Personal name Tenquist, D.W.
9 (RLIN) 6037
245 #0 - TITLE STATEMENT
Title University optics
Remainder of title vol. 1
Statement of responsibility, etc. D. W. Tenquist
260 ## - PUBLICATION, DISTRIBUTION, ETC.
Place of publication, distribution, etc. London
Name of publisher, distributor, etc. liffe Books
Date of publication, distribution, etc. 1969
300 ## - PHYSICAL DESCRIPTION
Extent 349p.
650 ## - SUBJECT ADDED ENTRY--TOPICAL TERM
Topical term or geographic name entry element Optics
942 ## - ADDED ENTRY ELEMENTS (KOHA)
Koha item type Books
Holdings
Withdrawn status Lost status Damaged status Not for loan Home library Current library Shelving location Date acquired Cost, normal purchase price Total Checkouts Full call number Barcode Date last seen Cost, replacement price Price effective from Koha item type Purchase Price
        IIA Library-Bangalore IIA Library-Bangalore General Stacks 31/03/1970 63.00   535 / TEN-1 3793 05/11/2021 63.00 31/03/1970 Books Rs. 63.00

Powered by Koha